[Event "Bad Homburg"]
[Site "Bad Homburg"]
[Date "1996.??.??"]
[Round "3"]
[White "Gabriel, Christian"]
[Black "Boensch, Uwe"]
[Result "1/2-1/2"]
[WhiteElo "2565"]
[BlackElo "2525"]
[Annotator "Alterman,B"]
[PlyCount "117"]
[EventDate "1996.07.20"]
[EventType "tourn"]
[EventRounds "9"]
[EventCountry "GER"]
[EventCategory "12"]
[SourceTitle "CBM 055"]
[Source "ChessBase"]
[SourceDate "1996.12.01"]
[SourceVersion "1"]
[SourceVersionDate "1996.12.01"]
[SourceQuality "1"]

1. Nf3 d5 2. d4 Nf6 3. c4 e6 4. Nc3 Be7 5. Bg5 h6 6. Bxf6 Bxf6 7. e3 O-O 8. Qd2
Nc6 (8... c5 $5 9. cxd5 cxd4 10. Nxd4 exd5 11. Bb5 Nc6 $5 12. Bxc6 bxc6 13.
Nxc6 Qd6 14. Nd4 Ba6 $44) 9. Rc1 a6 10. Be2 dxc4 11. Bxc4 e5 12. d5 Na7 (12...
Ne7 13. Ne4 Ng6 14. d6 cxd6 15. Qxd6 Qxd6 16. Nxd6 e4 17. Nd4 Bxd4 18. exd4 Nf4
19. g3 Ne6 20. d5 Nd4 21. Kd2 Nf5 22. Nxe4 {+- Groszpeter,A-Boensch,U/1984/
Sochi/Inf 38/569/}) 13. Qc2 Bd7 (13... Nb5 14. Nxb5 axb5 15. Bb3 Bg4 16. Nd2
Rc8 $2 (16... c5 $1 17. Qe4 Qc8 18. d6 Ra6 $1 $13) 17. Qd3 c6 18. d6 Re8 19.
O-O e4 20. Nxe4 Bf5 $6 (20... Bxb2 21. Rc2 Bf5 22. Bxf7+ $1 Kxf7 23. d7 Bxe4
24. dxe8=Q+ Qxe8 25. Qb3+ Bd5 26. Qxb2 Qe4 27. f3 Qxe3+ 28. Kh1 Re8 $14) 21. d7
Bxe4 (21... Qxd7 22. Qxd7 Bxd7 23. Nd6 $16) (21... Bxd7 22. Nxf6+ gxf6 23. Qg6+
$18) 22. dxe8=Q+ Qxe8 23. Qe2 Qe5 24. Rcd1 Rc7 (24... Qxb2 25. Qxb2 Bxb2 26.
Rd7 c5 27. Bxf7+ Kh8 28. Bd5 Bxd5 29. Rxd5 c4 30. Rxb5 c3 31. g3 Ba3 32. Rb3 c2
33. Rxa3 c1=Q 34. Rxc1 Rxc1+ 35. Kg2 $18) 25. Rd2 Qg5 26. f3 Bg6 27. Qf2 Re7 (
27... c5 28. Rd5 $18) 28. Re1 b4 29. Kh1 Qa5 30. e4 h5 31. Rde2 {Polgar,
Zsu-Chiburdanidze,M/St.Petersburg(cfW)/1995/CBM_46/}) 14. O-O $146 (14. Ne4)
14... Nb5 15. Ne4 Nd6 16. Bd3 Bb5 $2 (16... Rc8 17. Rfd1 (17. Nfd2 $1 Be7 18.
Qb3 $14) 17... Bg4) 17. Rfd1 Bxd3 18. Qxd3 Nxe4 19. Qxe4 Qe7 20. Nd2 Rfd8 21.
Qc4 c6 (21... Rd7 22. Ne4 $16) 22. dxc6 Rac8 23. Qe2 Rxc6 24. Rxc6 bxc6 25. Rc1
$6 (25. Nc4 Rxd1+ (25... Rd5 26. e4 Rd4 27. Rxd4 exd4 28. f4 $16) 26. Qxd1 Qb4
27. b3 $16) 25... Qb4 26. Nc4 a5 27. Qe1 Ra8 $6 (27... Qxe1+ 28. Rxe1 e4 29.
Rc1 (29. b3 a4 30. bxa4 Ra8 31. a5 Bc3 32. Rb1 Bxa5 $10) (29. Nxa5 Rd2 30. b4
Rxa2 31. Nxc6 Rb2 $10) 29... a4 (29... Rb8) 30. Kf1 Rb8 (30... Rd5 $1 31. Ke2
Rc5 $10) 31. Rc2 g6 32. Ke2 Kg7 33. Kd1 Rb5) 28. b3 c5 (28... Qxe1+ $1 29. Rxe1
a4 30. Nb6 (30. b4 Rd8 31. Kf1 Rd3 32. Rc1 e4 33. Ke2 Be7 $1) 30... Rd8 31.
bxa4 (31. Nxa4 Rd2 32. Nc3 Rc2 $10) 31... Rd2 32. a3 Ra2 $10) 29. Qxb4 cxb4 (
29... axb4 30. Rc2 e4 31. Kf1 Be7 32. Nb6 Ra6 33. Na4 Rc6 34. Ke2 f5 $14) 30.
e4 $14 a4 31. Kf1 axb3 32. axb3 Ra2 33. Rd1 Rc2 34. Rd3 Kf8 35. Ke1 h5 36. g3
h4 $6 (36... g6 $1 37. Ne3 Rb2 38. Nd5 Bd8 $10) 37. Ne3 Rb2 38. Ng4 hxg3 39.
hxg3 Ke7 40. Ne3 Ke6 $2 $138 (40... Kf8) 41. Nf5 Be7 42. Nxg7+ $16 Kf6 43. Nf5
Bc5 44. f3 Ke6 45. Kd1 Be7 46. f4 (46. Kc1 Rf2 47. Kb1 Rf1+) 46... f6 47. Ne3
exf4 48. gxf4 Bc5 49. Nf5 Be7 $2 (49... Bf8 50. Rd2 Rb1+ 51. Ke2 Rc1 52. Rd8
$16) 50. Rd5 $2 (50. Kc1 $1 Rf2 51. Nxe7 Kxe7 52. f5 Re2 53. Rd4 Rh2 54. Rxb4
Kd6 55. Rc4 $18) 50... Bf8 51. Nd4+ (51. Rd2 $1) 51... Kf7 52. Rd7+ Ke8 53. Rb7
Bd6 54. e5 fxe5 55. Nf5 Bf8 56. fxe5 Rxb3 57. Rb8+ Kf7 58. e6+ Kf6 59. Rxf8+
1/2-1/2

[Event "Bhopal op"]
[Site "Bhopal"]
[Date "2017.12.28"]
[Round "10"]
[White "Atalik, Suat"]
[Black "Kunal, M."]
[Result "1-0"]
[WhiteElo "2545"]
[BlackElo "2352"]
[Annotator "Atalik,S"]
[PlyCount "119"]
[EventDate "2017.12.21"]
[EventType "swiss"]
[EventRounds "10"]
[EventCountry "IND"]
[SourceTitle "CBM 183"]
[Source "ChessBase"]
[SourceDate "2018.03.14"]
[SourceVersion "1"]
[SourceVersionDate "2018.03.14"]
[SourceQuality "1"]

1. d4 d5 2. c4 e6 3. Nc3 Nf6 4. Bg5 Be7 5. e3 O-O 6. Rc1 $5 {One of my
favourites.} (6. Qc2 $5) 6... b6 $6 (6... h6 7. Bh4 b6 8. cxd5 Nxd5 9. Nxd5
exd5 10. Bxe7 Qxe7 11. Bd3 (11. Be2 $5 c5 12. Bf3 cxd4 13. Qxd4 Bb7 14. Ne2 Nc6
) (11. Ne2 $5 Rd8 12. Nf4 c5 13. Be2 Nc6 14. O-O c4 15. Bf3 Be6) 11... c5 12.
Ne2 {Korchnoi's choice and logical.}) 7. cxd5 exd5 (7... Nxd5 8. Nxd5 exd5 9.
Bxe7 Qxe7 10. Nf3 Be6 11. Bd3 Rc8 12. O-O c5 13. e4 $14) 8. Nf3 Be6 (8... Bb7
9. Be2 Nbd7 10. O-O c5 11. Qa4 a6 12. dxc5 bxc5 13. Rfd1 Qb6 14. Qb3 $14) 9.
Bb5 $146 {A very logical move probing a weaknesses on the queen's wing.} (9.
Bd3 Nbd7 10. O-O c5) 9... a6 10. Ba4 c5 11. dxc5 bxc5 12. O-O Nbd7 $5 {
Allowing White's main idea with Bb5.} (12... Ra7 $5) 13. Bxd7 $1 Qxd7 14. Na4 (
14. Bxf6 gxf6 $1) 14... Qa7 {It is difficult to choose a place for Black's
queen.} (14... Qb5 $5 15. Bxf6 gxf6 16. Ne1 (16. b3 Kh8) 16... d4 (16... c4 17.
Nf3) 17. Nd3 (17. exd4 cxd4 18. Qxd4 Rad8 19. Qe4 Qe5 $44) 17... c4 18. Nf4
dxe3 19. fxe3 $13) 15. Bxf6 gxf6 $5 (15... Bxf6 16. Rxc5 Bxb2 17. Ng5 (17. Nd4
$5) 17... Bf6 18. Nxe6 fxe6 19. Qc2 Qf7 20. Rc7 Qe8 $13) 16. b3 $1 (16. b4 cxb4
17. Nd4 Rac8 18. Nxe6 fxe6 19. Qg4+ Kf7 20. Qh5+ $11) 16... Rfd8 $2 {A waste
of time.} (16... Kh8 17. Nh4 (17. Ne1 d4) 17... Rg8 18. g3 d4 19. Qf3 Rg5 $132)
17. Nh4 (17. Ne1 Kh8) 17... Kh8 18. Qf3 Rg8 19. Nf5 Bf8 20. Rfd1 Rg5 $2 {
A bad mistake since White has an easy game after the exchange sac.} (20... Rd8
21. Qf4) 21. Rxd5 $1 $18 {After this the game should play itself.} Qb7 $5 (
21... Bxd5 22. Qxd5) 22. e4 (22. Nc3) 22... Bxd5 23. exd5 Re8 {This looks like
blundering into a knight fork.} (23... Qb4 24. g3 (24. h4 Rg4 25. Nb6 Rf4 26.
a3 Rxf3 27. axb4 Rxf5 28. Nxa8 cxb4 29. Rc8 (29. Rd1) 29... Kg7 30. Nc7 $18)
24... Qd2 25. Rc4 Re8 26. Nc3 (26. h4 $2 Re1+ 27. Kg2 Rxf5 28. Qxf5 Qd1 $40)
26... Re1+ 27. Kg2 Qc1 28. Ne3 $18) 24. h4 Rg6 25. h5 (25. Nxc5 Bxc5 26. Rxc5
$18) 25... Rg5 26. Nd6 Bxd6 27. Qxf6+ Rg7 28. h6 (28. Qxd6 $2 Qb4) 28... Be5 (
28... Bf8 29. hxg7+ Bxg7 30. Qc6 Qe7 31. d6 $18) 29. hxg7+ Kg8 30. Qc6 $2 (30.
Qf3 $1 {is the simplest of all.}) (30. Nxc5 $2 Qxd5 31. Qxa6 Qd2 32. Rf1 Bd4
33. Nd3) 30... Qxc6 31. dxc6 Bf4 $1 {I simply missed this.} 32. Rd1 Rc8 $2 ({
Black could have set up a nasty trap.} 32... Re6 $1 33. g3 $1 (33. Rd8+ $2 Kxg7
34. g3 Bc7 35. Rc8 Rxc6 36. Nb2 (36. Nc3 $2 c4 $3 37. b4 (37. bxc4 Rxc4 38. Nd5
Rc1+ 39. Kg2 Bf4 40. Ra8 Bg5 41. Rxa6 Rc2 $14) 37... Kf6 $140 $1 38. Rxc7 $4
Rxc7 39. Nd5+ Ke5 40. Nxc7 c3) 36... Kf6 37. Nc4 Ke6 38. Rh8 a5) 33... Bc7 34.
Rd5 Rxc6 35. Rxc5 (35. Nxc5 Bb6) 35... Rxc5 36. Nxc5 a5 37. Kg2 Kxg7 38. Kf3
Kf6 39. Ke4 $16) 33. g3 Be5 34. Rd5 Bd4 35. b4 $5 (35. Rd6 Be5) (35. Nxc5 Rxc6
36. Nxa6 Rxa6 37. Rxd4 Rxa2 38. b4 Kxg7 39. Rf4 Rb2 40. Kf1 $18) 35... Rxc6 36.
bxc5 $1 $18 {It looks like a technical win now.} Bxg7 37. Kg2 (37. Rd6 Rxd6 38.
cxd6 Kf8 39. Nc5 Bb2 (39... Ke8 40. Nxa6 Kd7 41. Nc7) (39... a5 40. Nb7) 40.
Nxa6 Be5 41. Nc7 Bxd6 42. Nd5 $18) (37. Kf1 $5) 37... Kf8 38. f4 Ke7 39. Kf3
Ke6 40. Ke4 Bf8 41. f5+ (41. Rh5 h6 42. f5+ Kd7 43. Kd5) 41... Kf6 42. Nb6 (42.
Rd7 $142) 42... Ke7 43. Nd7 Bg7 44. Nb8 Rc8 45. Nxa6 Bb2 46. Nb4 (46. Rd3 $18)
46... Bc3 47. a3 $138 {A typical sound move in time trouble.} f6 (47... Ra8 48.
c6) 48. c6 Bxb4 49. Rd7+ Ke8 50. axb4 Rxc6 51. Rb7 $18 {The rook ending is
hopeless for Black.} (51. Rxh7 $2 Rc4+ 52. Kd5 Rxb4 $11) 51... Rd6 52. g4 h6
53. b5 Kd8 54. Rh7 Rb6 55. Rxh6 {The simplest.} (55. Kd5 Rxb5+ 56. Ke6 Rb6+ 57.
Kf7 Rb4 58. Kxf6 Rxg4 59. Rxh6 Rf4 60. Ke6 {should end up in the Lucena
position.}) 55... Ke7 56. g5 Rxb5 57. Rxf6 Rb4+ 58. Ke5 Rb5+ 59. Kf4 Rb4+ 60.
Kf3 1-0

[Event "Kavala op 14th"]
[Site "Kavala"]
[Date "2005.08.17"]
[Round "7"]
[White "Halkias, Stelios"]
[Black "Atalik, Suat"]
[Result "1/2-1/2"]
[WhiteElo "2548"]
[BlackElo "2561"]
[Annotator "Atalik,S"]
[PlyCount "70"]
[EventDate "2005.08.12"]
[EventType "swiss"]
[EventRounds "9"]
[EventCountry "GRE"]
[SourceTitle "CBM 107 Extra"]
[Source "ChessBase"]
[SourceDate "2005.09.01"]
[SourceVersion "1"]
[SourceVersionDate "2005.09.01"]
[SourceQuality "1"]

1. d4 d5 2. c4 e6 3. Nf3 Nf6 4. Bg5 Be7 5. Nc3 h6 6. Bxf6 Bxf6 7. e3 O-O 8. Qc2
c5 9. dxc5 dxc4 10. Bxc4 Nd7 11. Ne4 $6 (11. c6 Ne5 12. Nxe5 Bxe5 13. Bd3 bxc6
$14) 11... Nxc5 12. Nxf6+ {Draw offer} Qxf6 13. O-O Bd7 14. Rfd1 Rfc8 15. Qe2
a6 $15 {Black is better due to white's timid play.} 16. Rd4 b5 $6 {This made
him to equalize.} (16... e5 17. Rdd1 (17. Rd2 Bg4 18. h3 Bh5 19. g4 Ne4 20.
gxh5 Rxc4 21. Qxc4 Qxf3 22. Rc2 Ng5 23. Qh4 Qf5 $1 24. e4 Qf3 $17) 17... Bg4
18. h3 Bh5 19. e4 $1 $15) 17. Bb3 e5 18. Rd2 Bg4 (18... Nxb3 19. axb3 Be6 20.
Qd1 a5 21. Qe2 $132) 19. h3 Bxf3 20. Qxf3 Qxf3 21. gxf3 Nxb3 22. axb3 Rc6 (
22... Rd8 23. Rxa6) 23. Kf1 $11 {Now it is equal.} Rac8 24. Ke2 Kf8 25. h4 Ke7
26. Rg1 Kf6 (26... g6 27. Ra1 (27. f4 exf4 28. exf4 Rc2 29. f5 gxf5 30. Ra1 $44
) 27... f5 28. e4 $11) 27. Ra1 Re6 28. e4 h5 29. Ke3 Rce8 30. Rc1 R8e7 31. Rc5
{Draw offer} g6 32. Rd8 Kg7 33. Rcc8 Kf6 34. Rc5 Kg7 35. Rcc8 Kf6 1/2-1/2

[Event "ROM-chT"]
[Site "Timisu de Sus"]
[Date "1998.11.14"]
[Round "5"]
[White "Varga, Zoltan"]
[Black "Atalik, Suat"]
[Result "1/2-1/2"]
[WhiteElo "2565"]
[BlackElo "2585"]
[Annotator "Atalik,S"]
[PlyCount "51"]
[EventDate "1998.11.??"]
[EventType "team"]
[EventRounds "5"]
[EventCountry "ROU"]
[SourceTitle "EXT 2002"]
[Source "ChessBase"]
[SourceDate "2001.11.25"]
[SourceVersion "1"]
[SourceVersionDate "2001.11.25"]
[SourceQuality "1"]

{Before this game captains of both teams agreed to go for a 3-3 package draw,
so me and Zoltan were supposed to go there and throw some moves in however I
was in such a bad form even could not do that appropriately.} 1. d4 Nf6 2. c4
e6 3. Nf3 d5 4. Nc3 Be7 5. Bg5 O-O 6. e3 h6 7. Bxf6 Bxf6 8. Rc1 a6 9. cxd5 exd5
10. Be2 c6 11. O-O Bf5 12. b4 Qd6 13. Qb3 Be7 (13... Nd7 $142) 14. a3 Nd7 (
14... a5 $5 15. bxa5 Rxa5 16. Qxb7 Rxa3 17. Ne5 Qb4 18. Qxb4 Bxb4 19. Nb1 Rb3)
15. Na4 Rae8 (15... b6 $5) (15... a5 16. Nc5 axb4 17. axb4 b6 18. Nxd7 Bxd7 19.
Ne5 Rfc8 $11) 16. Nc5 Nxc5 17. bxc5 Qc7 18. h3 Be4 $2 (18... Bf6 $142 $13) 19.
Nd2 Bf5 20. Bd3 Bc8 21. Rce1 Bf6 22. Kh1 Re7 23. f4 Bh4 24. Re2 f5 25. Nf3 Bf6
26. Ne5 $18 1/2-1/2

[Event "Lee Cup 4th"]
[Site "Beijing"]
[Date "1997.08.31"]
[Round "7"]
[White "Li, Wenliang"]
[Black "Landa, Konstantin"]
[Result "0-1"]
[WhiteElo "2410"]
[BlackElo "2560"]
[Annotator "Baburin,A"]
[PlyCount "106"]
[EventDate "1997.08.23"]
[EventType "swiss"]
[EventRounds "11"]
[EventCountry "CHN"]
[SourceTitle "CBM 061"]
[Source "ChessBase"]
[SourceDate "1997.11.23"]
[SourceVersion "1"]
[SourceVersionDate "1997.11.23"]
[SourceQuality "1"]

1. d4 d5 2. c4 e6 3. Nc3 Be7 4. Nf3 Nf6 5. Bg5 O-O 6. e3 b6 7. Be2 Bb7 8. Rc1 (
8. Bxf6 Bxf6 9. cxd5 exd5 10. Qd2 (10. b4 c6 11. O-O Re8 12. Qb3 Qd6 13. a4 Nd7
14. Bd3 a5 15. bxa5 Rxa5 16. Bf5 Bd8 17. Rab1 g6 18. Bd3 Nf6 19. Qb4 Qe6 20.
Rfe1 Ne4 21. Nxe4 dxe4 22. Bc4 Qf6 23. Ne5 Re7 24. Qb3 Bc7 25. Rf1 c5 26. f4
exf3 27. Nxf3 cxd4 28. exd4 Qd6 29. g3 Rf5 30. d5 Qc5+ 31. Kg2 Re3 {0-1
Barrios,H-Gamboa,N/Bogota Lat Cup 1991/TD 91\09}) 10... Qe7 11. O-O Nd7 12.
Rab1 c6 13. b4 Rfd8 14. a4 Nf8 15. a5 Rab8 16. Na4 Ba8 17. Rfc1 Ne6 18. Bf1 g6
19. axb6 axb6 20. Rc2 Rd7 21. Ra2 Qd8 22. Rb3 Kg7 23. Rba3 Bb7 24. Nb2 c5 25.
Ra7 c4 26. Na4 Bc6 27. Nc3 Rxa7 28. Rxa7 b5 29. g3 Qd6 30. Qb2 Nc7 31. Ne5 Rb7
32. Nxc6 Qxc6 33. Ra5 Qd6 34. Bg2 Be7 35. Na2 Rb6 36. Qa3 Ra6 37. Kf1 Rb6 38.
Ke2 {1/2-1/2 Lombardy,W-Tisdall,J/Vestmannaeyjum 1985/MCL 01}) 8... Nbd7 (8...
c5 9. O-O Nbd7 10. cxd5 Nxd5 11. Nxd5 Bxg5 12. Nc3 Be7 13. Qa4 cxd4 14. Nxd4
Nc5 15. Qc2 Rc8 16. Rfd1 Qc7 17. Bf3 Bxf3 18. Nxf3 Qb7 19. Nd4 a6 20. a4 Bf6
21. b4 Nd7 22. Qe4 Qxe4 23. Nxe4 Bxd4 24. exd4 Nf6 25. Nd6 Rxc1 26. Rxc1 Nd5
27. Rc6 g6 28. g3 Rd8 29. a5 bxa5 30. bxa5 Ra8 31. Ne4 Nb4 32. Rb6 Nd5 33. Rd6
Kf8 34. Nc5 Nc7 35. Rc6 Ra7 36. Kf1 Ke7 37. Ke2 Nb5 38. Kd3 Rc7 39. Rb6 Nd6 40.
Rxa6 e5 41. Rb6 {1-0 Olafsson,H-Hardarson,R/Neskaupstad 1984/MCD-r8}) 9. cxd5
exd5 10. O-O c6 11. a3 Re8 12. Bd3 c5 13. dxc5 bxc5 {Yet another example of
the hanging pawns. White puts pressure on them in a fairly standard way:} 14.
Bb5 a6 15. Ba4 Rf8 16. Bxd7 {White goes for a forced line, which promises him
small, but steady, advantage.} ({Also interesting would be to try} 16. Qd3 $5 {
here, with a further Rfd1 and Qf5.}) 16... Qxd7 17. Bxf6 Bxf6 18. Ne4 Bxb2 19.
Nxc5 Qe7 20. Rb1 Qxc5 21. Rxb2 Bc8 22. Qa4 Bf5 23. Nd4 Be4 {This position is
in White's favor, and there is no reason why White should lose it.} 24. Rb7 Qd6
25. Rd1 Rac8 26. Qb4 Qe5 27. Qd2 Rfd8 28. Rb6 Rd6 29. Rxd6 Qxd6 30. Qb4 Qc7 31.
h3 h6 32. Ne2 Rb8 33. Qd2 Qc5 34. Nf4 Qxa3 35. f3 Bf5 36. Nxd5 Kh7 37. e4 Rb2
38. Qd4 Be6 39. Nf4 Rc2 40. Kh1 Rc1 41. Kh2 Rxd1 42. Qxd1 Qc5 43. Qa1 a5 44.
Nxe6 fxe6 45. f4 Qd6 46. Qf1 a4 47. e5 Qb4 48. Qc1 Qe4 49. g3 Qe2+ 50. Kg1 Qd3
51. Kg2 a3 52. f5 exf5 53. e6 Qe2+ 0-1

[Event "Olympiad-32"]
[Site "Yerevan"]
[Date "1996.09.23"]
[Round "7.2"]
[White "Van Wely, Loek"]
[Black "Vaganian, Rafael A"]
[Result "1-0"]
[WhiteElo "2605"]
[BlackElo "2595"]
[Annotator "Belov,I"]
[PlyCount "105"]
[EventDate "1996.09.15"]
[EventType "team-swiss"]
[EventRounds "14"]
[EventCountry "ARM"]
[SourceTitle "CBM 055"]
[Source "ChessBase"]
[SourceDate "1996.12.01"]
[SourceVersion "1"]
[SourceVersionDate "1996.12.01"]
[SourceQuality "1"]
[WhiteTeam "Netherlands"]
[BlackTeam "Armenia"]
[WhiteTeamCountry "NED"]
[BlackTeamCountry "ARM"]

1. d4 d5 2. c4 e6 3. Nc3 Be7 4. Nf3 Nf6 5. Bg5 h6 6. Bxf6 Bxf6 7. e3 O-O 8. Qc2
c5 9. dxc5 Nc6 10. O-O-O (10. Be2 Qa5 11. O-O Qxc5 12. Rfd1 b6 13. Rac1 Bxc3
14. Qxc3 Ba6 15. a3 dxc4 $10 {Timman,J-Beliavsky,A/Tilburg/1984/0,5/28/}) (10.
cxd5 exd5 11. O-O-O Be6 12. Nd4 $5 Rc8 13. Bb5 Ne7 14. Nb3 b6 15. Ba6 $8 Rb8
$13 {Van Wely,L-Piket,Je/Leeuwarden/1992/0,5/28/}) 10... Nb4 11. Qa4 a5 (11...
Bxc3 12. bxc3 Na6 13. Qa3 Qc7 14. cxd5 Nxc5 15. d6 Qb6 16. Ne5 Rd8 17. Nc4 Qc6
18. Ne5 Qb6 19. Nc4 Qc6 20. Ne5 {Schroer,J-Abramovic,B/New York op/1985/0,5/})
12. cxd5 exd5 13. Nd4 Bg4 (13... Qc7 14. a3 Qxc5 15. axb4 axb4 16. Qb5 $1 (16.
Qxa8 bxc3 $40) 16... Bxd4 17. exd4 $1 (17. Rxd4 $2 Ra1+ 18. Kc2 Bf5+ 19. Kb3 (
19. Bd3 Qxb5 20. Nxb5 Bxd3+ 21. Rxd3 Rxh1 $19) 19... Ra3+ $1 $19) 17... Ra1+
18. Kc2 Bf5+ 19. Bd3 Bxd3+ 20. Qxd3 Rxd1 21. Kxd1 $1 $18) 14. Be2 Bxe2 15.
Ndxe2 Qe7 16. a3 Qxc5 (16... Bxc3 $1 17. Nxc3 Qxc5 18. axb4 (18. Kb1 Rfc8 19.
Qd7 Qc4 $1 $132 20. axb4 axb4 21. Qxd5 bxc3 22. Qxc4 Rxc4 23. bxc3 Rxc3 $10)
18... axb4 19. Qb5 Rfc8 20. Rxd5 Qxb5 21. Rxb5 bxc3 22. Rxb7 cxb2+ 23. Kxb2 $14
) 17. Qb5 $1 Na2+ 18. Kb1 Nxc3+ 19. Nxc3 Qc6 (19... Qxb5 20. Nxb5 Rad8 21. Rd3
Rd7 22. Rc1 Rfd8 $16) 20. Qxd5 $16 Qa6 (20... Bxc3 21. Qxc6 bxc6 22. bxc3 $16)
21. Qd6 Bxc3 22. Qxa6 Rxa6 23. bxc3 Rc8 24. Rd3 (24. Kc2 $5) 24... Rg6 25. g3
Rgc6 26. Kb2 g5 27. Rc1 Kg7 (27... Rc5 $5 28. Rd7 b5 $16) 28. Rd5 Rc5 $6 (28...
b6 $5) 29. Rxc5 Rxc5 30. Rd1 Rf5 31. f4 gxf4 32. exf4 Rh5 33. Rd2 Kf6 34. Kb3
Ke6 (34... b5 35. a4 bxa4+ 36. Kxa4 Ke6 37. c4 Rc5 38. Kb3 Rh5 39. Kc3 f6 40.
Rb2 $18) 35. c4 Rc5 36. a4 b6 37. Kc3 Rh5 $2 (37... h5 $16) 38. Rb2 $18 Kd7 39.
Rxb6 Rxh2 40. c5 h5 41. Kc4 Rg2 42. Rd6+ Kc7 43. Rh6 Rxg3 44. Rxh5 Ra3 45. Rf5
Rxa4+ 46. Kd5 Ra1 47. Rxf7+ Kb8 48. Rf8+ Kc7 49. f5 Rd1+ 50. Kc4 Rc1+ 51. Kb5
Rb1+ 52. Kxa5 Kc6 53. f6 1-0

[Event "Hoogovens"]
[Site "Wijk aan Zee"]
[Date "1984.01.27"]
[Round "12"]
[White "Ligterink, Gert"]
[Black "Van der Sterren, Paul"]
[Result "1/2-1/2"]
[WhiteElo "2445"]
[BlackElo "2475"]
[Annotator "Bulletin"]
[PlyCount "51"]
[EventDate "1984.01.13"]
[EventType "tourn"]
[EventRounds "13"]
[EventCountry "NED"]
[EventCategory "13"]
[SourceTitle "MCL"]
[Source "ChessBase"]
[SourceDate "1999.07.01"]
[SourceVersion "1"]
[SourceVersionDate "1999.07.01"]
[SourceQuality "1"]

1. d4 Nf6 2. c4 e6 3. Nf3 d5 4. Nc3 Be7 5. Bg5 h6 6. Bxf6 Bxf6 7. e3 O-O 8. Rc1
c6 9. Bd3 Nd7 10. O-O dxc4 11. Bxc4 e5 12. Bb3 exd4 13. exd4 Re8 14. Qd2 Nf8
15. d5 Bxc3 (15... Bg4 $2 16. Qf4 $14) 16. Rxc3 cxd5 17. Bxd5 Be6 18. Bxb7 Qxd2
19. Nxd2 Rab8 20. Bc6 Red8 $10 21. Nb3 Bxb3 22. axb3 Ne6 23. Ra1 Nd4 24. Bf3
Nxb3 25. Rxa7 Nd4 26. Ra2 1/2-1/2

[Event "EU-chT (Men) 10th"]
[Site "Debrecen"]
[Date "1992.11.??"]
[Round "5.1"]
[White "Piket, Jeroen"]
[Black "Vaganian, Rafael A"]
[Result "0-1"]
[WhiteElo "2615"]
[BlackElo "2590"]
[Annotator "Bulletin"]
[PlyCount "122"]
[EventDate "1992.11.20"]
[EventType "team-swiss"]
[EventRounds "9"]
[EventCountry "HUN"]
[SourceTitle "EU-chT"]
[Source "ChessBase"]
[SourceDate "1999.07.01"]
[SourceVersion "2"]
[SourceVersionDate "1999.07.01"]
[SourceQuality "1"]
[WhiteTeam "Netherlands"]
[BlackTeam "Armenia"]
[WhiteTeamCountry "NED"]
[BlackTeamCountry "ARM"]

1. d4 Nf6 2. c4 e6 3. Nf3 d5 4. Nc3 Be7 5. Bg5 O-O 6. e3 h6 7. Bxf6 Bxf6 8. Qc2
Nc6 9. Rd1 $5 b6 10. a3 Bb7 11. cxd5 exd5 12. Be2 Ne7 13. O-O a6 14. Ne5 $6
Bxe5 15. dxe5 Qc8 $1 16. e4 (16. f4 Qe6 {/\ f6}) 16... dxe4 17. Nxe4 Qe6 18.
Bf3 Bc6 (18... Qxe5 $2 19. Rfe1 $1) 19. Rfe1 Rad8 20. Rc1 Rd5 $1 21. Qc3 $6 {
/\ Nf6} (21. Nd2 Rc5 22. Qb1 $10) 21... Kh8 $1 (21... Rxe5 $2 22. Ng3 $1 Rxe1+
23. Rxe1 Qd7 24. Rxe7) 22. Nd2 Rc5 23. Qd4 Nf5 24. Qf4 g5 $1 25. Qg4 Bxf3 26.
Nxf3 Rxc1 27. Rxc1 Rd8 28. h3 (28. h4 Nd4 $1 (28... Nxh4 29. Qxe6 Nxf3+ 30.
gxf3 fxe6 31. Rxc7) 29. Qxe6 Nxe6 $17) 28... c5 $15 29. Qa4 a5 30. Rd1 $2 (30.
b4 axb4 31. axb4 Nd4 32. Nxd4 cxd4 33. Qc6) 30... Rxd1+ 31. Qxd1 Kg7 32. a4 Ne7
$1 $17 33. Qd8 Ng6 {(.)} 34. Kf1 Qc6 35. Kg1 Nf4 36. Kh2 Qxa4 37. Qf6+ Kg8 38.
Qd8+ (38. Qxh6 Ne6) 38... Kh7 39. Qxb6 Ne6 40. Qb7 Qf4+ 41. g3 Qf5 42. Kg2 Kg7
43. Qd5 Qb1 44. b3 Qc2 45. Ne1 Qc3 46. Nd3 h5 $1 47. Kh2 Qd2 48. Qe4 Qc2 49.
Qf3 Qd2 50. Qe4 Qd1 51. Qf5 Qc2 52. Qf3 c4 $1 $19 53. bxc4 Qxc4 54. Ne1 h4 55.
gxh4 Qxh4 56. Ng2 Qd4 57. Qf6+ Kg8 58. h4 gxh4 59. Qf5 a4 60. f4 Qf2 61. Qg4+
Kf8 (61... Kf8 62. f5 Qg3+ $1 63. Qxg3 hxg3+ 64. Kxg3 a3 65. Ne3 Nd4) 0-1

[Event "EU-chT (Men) 10th"]
[Site "Debrecen"]
[Date "1992.11.??"]
[Round "7.1"]
[White "Piket, Jeroen"]
[Black "Sturua, Zurab"]
[Result "0-1"]
[WhiteElo "2615"]
[BlackElo "2545"]
[Annotator "Bulletin"]
[PlyCount "48"]
[EventDate "1992.11.20"]
[EventType "team-swiss"]
[EventRounds "9"]
[EventCountry "HUN"]
[SourceTitle "EU-chT"]
[Source "ChessBase"]
[SourceDate "1999.07.01"]
[SourceVersion "2"]
[SourceVersionDate "1999.07.01"]
[SourceQuality "1"]
[WhiteTeam "Netherlands"]
[BlackTeam "Georgia"]
[WhiteTeamCountry "NED"]
[BlackTeamCountry "GEO"]

1. d4 d5 2. c4 e6 3. Nc3 Be7 4. Nf3 Nf6 5. Bg5 h6 6. Bxf6 Bxf6 7. e3 O-O 8. Qc2
Na6 9. Rd1 c5 10. dxc5 (10. cxd5 Nb4 11. Qb3 Nxd5 12. Nxd5 exd5 $10) 10... Qa5
11. cxd5 Nxc5 12. Nd4 $5 (12. a3 $6 {/\} exd5 $2 (12... Na4 $1 $15) 13. b4 Qxa3
14. Nxd5) 12... exd5 13. a3 Ne6 $1 $10 14. Ndb5 $2 (14. Be2 Nxd4 15. exd4 Be6
16. O-O $10) (14. Nb3 Bxc3+ 15. Qxc3 Qxc3+ 16. bxc3 Nc7 $10) 14... a6 $1 15. b4
$6 (15. Nd4 $8 Nxd4 16. exd4 Bg4 $1 $36) 15... Qd8 16. Rxd5 Bd7 $3 $19 (16...
Qb6 $4 17. Rd6 $1 $18) (16... Qe8 $6 17. Nd6 Qc6 18. Nde4 $1 $13) (16... Qe7 $6
17. Nd6 Nf4 (17... Nd4 18. Qd3 Be6 19. Nde4 $1 $13) 18. Rd2 Be6 19. Nce4 $13)
17. Qd2 (17. Nd6 Bc6 18. Rd1 (18. Nxf7 Bxc3+) 18... Nd4 $1 19. exd4 Qxd6) 17...
axb5 18. Rxd7 (18. Ne4 Bd4 $1 (18... Rxa3 $6 19. Rxd7 Ra1+ 20. Ke2 Qc8 $17 {|^}
) 19. exd4 Rxa3 20. Be2 Ra1+ 21. Bd1 Qh4 22. O-O Bc6 23. Re5 Bxe4 24. g3 Ng5 $1
25. f3 Bxf3) 18... Qxd7 $1 (18... Bxc3 $2 19. Rxd8 Bxd2+ 20. Rxd2 Rxa3 21. Bxb5
Rb3 $10) 19. Qxd7 Bxc3+ 20. Ke2 Rfd8 21. Qxb7 (21. Qxb5 Ng5 $3 22. Qc4 Rxa3 $1
(22... Rd2+ $2 23. Ke1 Ne4 24. Qxc3 $1) 23. e4 b5 $1 24. Qxb5 Ra2+) 21... Ng5
$3 22. e4 Rxa3 23. Qxb5 Ra2+ 24. Ke3 Bd2+ $1 (24... Bd2+ 25. Ke2 Bf4+ 26. Ke1
Ra1+ 27. Ke2 Rd2#) 0-1